000 00633nam a22001937a 4500
008 151019b xxu||||| |||| 00| 0 eng d
020 _a8495471140
082 _a708
_bP586p
100 _aFontcuberta, Joan
_93832
245 _aJoan Fontcuberta
_cJoan Fontcuberta, Chantal Grande
246 _aEnsayos sobre la huella
260 _aMadrid
_bLa Fábrica
_c2001
300 _a[sin numeración]
_bill. (col.)
_c18 cm.
440 _aBiblioteca de Fotógrafos Españoles
_v29
_93833
650 _aFotografía
_9910
650 _aFotografía Artística
_93261
650 _aFotógrafos
_zEspaña
_93834
700 _aFontcuberta, Joan, 1955-
_93835
999 _c761
_d761